| 000 | 00477nam a22001457a 4500 | ||
|---|---|---|---|
| 999 |
_c683 _d683 |
||
| 008 | 191119b ||||| |||| 00| 0 eng d | ||
| 082 | 0 | 0 |
_a620.11 _bW7462 |
| 100 |
_9193 _aWilson, W. Ker |
||
| 245 | 1 | 0 |
_aPractical Solution of Torsional Vibration Problems, with Examples From Marine Electrical, Aeronautical and Automobile Engineering Practice _cby W. Ker Wilson |
| 250 | _a2nd ed. | ||
| 260 |
_aLondon _bChapman _c1948 |
||
| 300 | _axx, 731 p. | ||
| 650 | 0 | _aVibration | |
| 942 | _cBK | ||